| 000 | 00382nam a22001457a 4500 | ||
|---|---|---|---|
| 020 | _a9789332518865 | ||
| 040 | _cNUST | ||
| 082 | _a004.6 STA | ||
| 100 | _aStallings, William | ||
| 245 | _aData and Computer Communications | ||
| 250 | _a9th Edition | ||
| 260 |
_aIndia: _bPearson, _c2014. |
||
| 650 |
_aDCE TEXTBOOK DATA AND COMPUTER COMMUNICATION _9111659 |
||
| 942 |
_2ddc _cTEXT |
||
| 999 |
_c594406 _d594406 |
||